| 000 | 01538cam a2200349 i 4500 | ||
|---|---|---|---|
| 003 | SA-RiAUC | ||
| 005 | 20250420094753.0 | ||
| 008 | 250317s2009 su a f f010r0 ara c | ||
| 020 | _a4222785 | ||
| 020 | _a9789960141817 | ||
| 020 | _a9789960141817 | ||
| 040 |
_aSA-JeALM _bara _cSA-RiAUC _erda |
||
| 043 | _aa-su--- | ||
| 082 | 0 | 4 |
_a351.531 _qSA-RiAUC |
| 090 |
_a351.531 _b م ع هـ |
||
| 110 | 2 |
_aمعهد الإدارة العامة (الرياض) _eمؤلف. |
|
| 245 | 1 | 0 |
_aمعهد الإدارة العامة : _bنشأة وتطور / _cمعهد الإدارة العامة. |
| 264 | 1 |
_aالرياض : _bمعهد الإدارة العامة، _c2009 |
|
| 300 |
_a397 صفحة : _bإيضاحيات ؛ _c28 × 22 سم |
||
| 336 |
_aنص _btxt _2rdacontent _3كتاب |
||
| 337 |
_aبدون وسيط _bn _2rdamedia |
||
| 338 |
_aمجلد _bnc _2rdacarrier |
||
| 500 | _aملاحق : صفحة 373-384. | ||
| 500 | _aإصدار خاص بمناسبة الاحتفال بمرور خمسين عاما على إنشاء المعهد. | ||
| 500 | _aس ع/م أ/6/ن5ت6. | ||
| 610 | 2 | 7 |
_aمعهد الإدارة العامة (الرياض) _xتاريخ _xمطبوعات حكومية _2aucnm |
| 610 | 2 | 7 |
_aمعهد الإدارة العامة (الرياض) _vدراسات حالة _2aucnm |
| 650 | 7 |
_aالإدارة العامة _zالسعودية _xمطبوعات حكومية _2aucsh |
|
| 651 | 7 |
_aالسعودية _xمطبوعات حكومية _2aucsh |
|
| 942 |
_2ddc _cBOOK _n0 |
||
| 949 |
_aSA-JeALM _d250317 _umohamedma123 _n1 |
||
| 999 |
_c7203 _d7203 |
||